Christine Lyrics (Lucy Dacus) - Statistics

General Stats
  • This quiz has been taken 40 times
  • The average score is 146 of 174
Answer Stats
Answer % Correct
I
100%
a
95%
car
95%
in
95%
my
95%
of
95%
the
95%
to
95%
To
95%
you
95%
You
95%
you,
95%
your
95%
Your
95%
and
90%
baby
90%
back
90%
be
90%
by
90%
can
90%
don't
90%
He
90%
make
90%
nice,
90%
up
90%
we
90%
where
90%
who
90%
admit
86%
boyfriend's
86%
but
86%
But
86%
get
86%
have
86%
he's
86%
I'm
86%
it
86%
mind
86%
not
86%
On
86%
on
86%
sometimes
86%
That's
86%
wake
86%
what
86%
You're
86%
you're
86%
always
81%
are
81%
asleep
81%
at
81%
better,
81%
between
81%
coming
81%
disagree
81%
drive
81%
falling
81%
feel
81%
From
81%
from
81%
had
81%
imagine
81%
lose
81%
man
81%
may
81%
mistakes
81%
nobody's
81%
Other
81%
out
81%
raise
81%
rather
81%
same
81%
shoulder
81%
Throw
81%
wanted
81%
We're
81%
worth
81%
All
76%
all,
76%
another
76%
breathing
76%
dreaming
76%
evil
76%
grow
76%
happy
76%
home
76%
house
76%
hurt
76%
I'd
76%
if
76%
Knowing
76%
Maybe
76%
muttering
76%
never
76%
nights,
76%
perfect
76%
respect
76%
see
76%
shoe
76%
There
76%
they'll
76%
'til
76%
try
76%
won't
76%
bent
71%
him
71%
how
71%
kid
71%
lake
71%
look
71%
married
71%
mother
71%
nonsense
71%
object
71%
saying
71%
steady
71%
Than
71%
wonder
71%
dignity
67%
end
67%
first
67%
he'll
67%
sermon
67%
somebody
67%
altar
62%
they'd
62%
waves
48%
No matching quizzes found
Score Distribution
Percent of People with Each Score
Percentile by Number Answered
Your Score History
You have not taken this quiz